Statistics for Szabolcs-Szatmár-Bereg megye települései

Click here to take the quiz!

General Stats

  • This quiz has been taken 2 times
  • The average score is 59 of 229

Answer Stats

Válaszok% Correct
Kisvárda
100%
Nyíregyháza
100%
Vásárosnamény
100%
Záhony
100%
Anarcs
50%
Apagy
50%
Botpalád
50%
Csaholc
50%
Csaroda
50%
Csegöld
50%
Csenger
50%
Demecser
50%
Dombrád
50%
Fábiánháza
50%
Fehérgyarmat
50%
Fülesd
50%
Gacsály
50%
Garbolc
50%
Gávavencsellő
50%
Géberjén
50%
Gelénes
50%
Geszteréd
50%
Gulács
50%
Győrtelek
50%
Gyügye
50%
Gyulaháza
50%
Gyüre
50%
Hetefejércse
50%
Ibrány
50%
Ilk
50%
Jánd
50%
Jánkmajtis
50%
Jármi
50%
Kállósemjén
50%
Kemecse
50%
Kérsemjén
50%
Kisar
50%
Kishódos
50%
Kisnamény
50%
Kispalád
50%
Kisszekeres
50%
Kisvarsány
50%
Kocsord
50%
Kölcse
50%
Kömörő
50%
Komoró
50%
Kótaj
50%
Laskod
50%
Lónya
50%
Magosliget
50%
Mánd
50%
Mándok
50%
Mátészalka
50%
Méhtelek
50%
Milota
50%
Nábrád
50%
Nagyar
50%
Nagydobos
50%
Nagyecsed
50%
Nagyhódos
50%
Nagykálló
50%
Nagyszekeres
50%
Napkor
50%
Nyírbátor
50%
Nyírbéltek
50%
Nyírcsaholy
50%
Nyírgyulaj
50%
Nyírkáta
50%
Nyírlugos
50%
Nyírmada
50%
Nyírparasznya
50%
Nyírpazony
50%
Nyírtelek
50%
Olcsva
50%
Ópályi
50%
Őr
50%
Paszab
50%
Penészlek
50%
Penyige
50%
Rakamaz
50%
Rozsály
50%
Sonkád
50%
Szabolcs
50%
Szamosangyalos
50%
Szamosbecs
50%
Szamoskér
50%
Szamossályi
50%
Szamosújlak
50%
Szatmárcseke
50%
Székely
50%
Tákos
50%
Terem
50%
Tiszabecs
50%
Tiszabezdéd
50%
Tiszacsécse
50%
Tiszadob
50%
Tiszakóród
50%
Tiszalök
50%
Tiszaszalka
50%
Tiszavasvári
50%
Tiszavid
50%
Tivadar
50%
Tornyospálca
50%
Tunyogmatolcs
50%
Túristvándi
50%
Túrricse
50%
Tuzsér
50%
Tyukod
50%
Újfehértó
50%
Uszka
50%
Vámosoroszi
50%
Zajta
50%
Zsarolyán
50%
Ajak
0%
Aranyosapáti
0%
Baktalórántháza
0%
Balkány
0%
Balsa
0%
Barabás
0%
Bátorliget
0%
Benk
0%
Beregdaróc
0%
Beregsurány
0%
Berkesz
0%
Besenyőd
0%
Beszterec
0%
Biri
0%
Bököny
0%
Buj
0%
Cégénydányád
0%
Császló
0%
Csengersima
0%
Csengerújfalu
0%
Darnó
0%
Döge
0%
Encsencs
0%
Eperjeske
0%
Érpatak
0%
Fényeslitke
0%
Fülpösdaróc
0%
Gégény
0%
Gemzse
0%
Győröcske
0%
Hermánszeg
0%
Hodász
0%
Jéke
0%
Kálmánháza
0%
Kántorjánosi
0%
Kék
0%
Kékcse
0%
Kisléta
0%
Komlódtótfalu
0%
Levelek
0%
Lövőpetri
0%
Magy
0%
Máriapócs
0%
Márokpapi
0%
Mátyus
0%
Mérk
0%
Mezőladány
0%
Nagycserkesz
0%
Nagyhalász
0%
Nagyvarsány
0%
Nemesborzova
0%
Nyírbogát
0%
Nyírbogdány
0%
Nyírcsászári
0%
Nyírderzs
0%
Nyírgelse
0%
Nyíribrony
0%
Nyírjákó
0%
Nyírkarász
0%
Nyírkércs
0%
Nyírlövő
0%
Nyírmeggyes
0%
Nyírmihálydi
0%
Nyírpilis
0%
Nyírtass
0%
Nyírtét
0%
Nyírtura
0%
Nyírvasvári
0%
Ófehértó
0%
Ököritófülpös
0%
Olcsvaapáti
0%
Ömböly
0%
Panyola
0%
Pap
0%
Papos
0%
Pátroha
0%
Pátyod
0%
Petneháza
0%
Piricse
0%
Pócspetri
0%
Porcsalma
0%
Pusztadobos
0%
Ramocsaháza
0%
Rápolt
0%
Rétközberencs
0%
Rohod
0%
Sényő
0%
Szabolcsbáka
0%
Szabolcsveresmart
0%
Szakoly
0%
Szamosszeg
0%
Szamostatárfalva
0%
Szorgalmatos
0%
Tarpa
0%
Tiborszállás
0%
Timár
0%
Tiszaadony
0%
Tiszabercel
0%
Tiszadada
0%
Tiszaeszlár
0%
Tiszakanyár
0%
Tiszakerecseny
0%
Tiszamogyorós
0%
Tiszanagyfalu
0%
Tiszarád
0%
Tiszaszentmárton
0%
Tiszatelek
0%
Tisztaberek
0%
Újdombrád
0%
Újkenéz
0%
Ura
0%
Vaja
0%
Vállaj
0%
Vámosatya
0%
Vasmegyer
0%
Zsurk
0%

Score Distribution

Percentile by Number Answered

Percent of People with Each Score

Your Score History

You have not taken this quiz